[Event "CAN-ch (Women)"]
[Site "Toronto"]
[Date "2025.04.17"]
[Round "1"]
[White "Starr, Nava"]
[Black "Kamath, Nikita"]
[Result "1-0"]
[WhiteElo "2048"]
[BlackElo "1609"]
[PlyCount "81"]
[EventDate "2025.04.17"]
[EventType "swiss"]
[EventRounds "9"]
[EventCountry "CAN"]
[SourceTitle "CB18_2025"]
[SourceDate "2025.04.30"]
[SourceVersion "1"]
[SourceVersionDate "2025.04.30"]
[SourceQuality "1"]

1. e4 c6 2. Nc3 d5 3. Qf3 dxe4 4. Nxe4 Nd7 5. d4 Ngf6 6. c3 Nxe4 7. Qxe4 Nf6 8. Qc2 g6 9. Bd3 Bg7 10. Nf3 0-0 11. h3 Be6 12. 0-0 Rc8 13. Ng5 Qd6 14. Re1 Bd7 15. Qe2 h6 16. Nf3 Rfe8 17. Bd2 Nd5 18. Ne5 a6 19. Qf3 Be6 20. Rad1 h5 21. Bb1 b5 22. Qg3 a5 23. b3 c5 24. c4 bxc4 25. bxc4 Nb4 26. d5 Bd7 27. a3 Ba4 28. Rc1 Bxe5 29. Qxe5 Qxe5 30. Rxe5 Na6 31. Bxa5 Rb8 32. Re3 Rb2 33. Be4 Reb8 34. Rcc3 R8b3 35. Rxb3 Bxb3 36. Bd3 Ra2 37. Rxe7 Rxa3 38. Bc3 Ba4 39. Bf6 Rxd3 40. Ra7 Bb3 41. Ra8+ 1-0